BOB’S BURGERS TEST (HARD) - Statistics

General Stats
  • This quiz has been taken 14 times
  • The average score is 7 of 15
Answer Stats
Question Answer % Correct
During Tammy’s bat mitzvahWhat did Louise pour out of the nose Of Tammy’s paper sculpture of her Guacamole
91%
Who is the teacher at wagstaff who smokes Ms Labonz
82%
What did gene find in the woods Toilet
73%
What was bobs first burger called Baby you can chive my car
64%
What are both gene and bob allergic to Lobster
64%
What magazine company is coming tointerview bob when he gets stuck on the toilet Coasters magazine
55%
What was Tina’s name when she disguised as a boy to audition for Boyz4Now Dino
55%
What is the name of bobs mom Lily belcher
55%
What did Tina want to join because ofboys doing “sugar cookies” Junior life guards
36%
What substance got bob stuck to toilet When the magazine came Teddy’s sticky spackle
36%
What is the name of the yacht club Glencrest Yacht club
27%
Who did Spencer blankenship’s beststudent backup dance for Gloria Estefan
27%
What was the name of the instructor That taught Linda her Thrill lesson Kurt
27%
What type of class did Linda sign up forto have a thrill Seaplane flying
27%
What types of stories does Tina write Erotic fiction
18%
No matching quizzes found
Score Distribution
Percent of People with Each Score
Percentile by Number Answered
Your Score History
You have not taken this quiz